| 000 | 00557nam a2200205 a 4500 | ||
|---|---|---|---|
| 005 | 20140310183450.0 | ||
| 008 | 070924s19uu xx 00 eng d | ||
| 020 | _a9812471650 | ||
| 050 |
_aHD 58.7 _b.K75 2008 |
||
| 100 | _aKreitner, Robert | ||
| 245 |
_aOrganizational Behavior / _cRobert Kreitner |
||
| 250 | _a8th ed. | ||
| 260 |
_aAsia : _bMcGraw-Hill, Inc, _c2008. |
||
| 300 |
_a123 p. : _bill. col. ; _c24 cm. |
||
| 521 | _aBSBA | ||
| 650 | _aOrganizational Behavior. | ||
| 700 | _aKinicki, Angelo | ||
| 942 |
_cBK _2lcc _kFOR |
||
| 999 |
_c23365 _d23365 |
||